Bankruptcy and Restructuring Proceedings in Slovakia

Súčasný stav počtu konkurzných a reštrukturalizačných konaní na základe informácií dostupných na internetovej stránke Ministerstva financií Slovenskej republiky. Rôzne charakteristiky, ako je počet, dĺžka, ale aj spokojnosť jednotlivých konaní. Metódy finančnej analýzy, ktoré môžu dlžníkovi pomôcť v...

Ausführliche Beschreibung

Gespeichert in:
Bibliographische Detailangaben
1. Verfasser: Lukáč, Jozef, 1991-
Weitere Verfasser: Kmeťová, Oľga, 1959-
Format: Buchkapitel
Sprache:Englisch
Schlagworte:
Tags: Tag hinzufügen
Keine Tags, Fügen Sie das erste Tag hinzu!

MARC

LEADER 00000naa a2200000 4500
001 0261239
005 20240502074140.1
041 0 |a eng 
044 |a SK 
245 1 0 |a Bankruptcy and Restructuring Proceedings in Slovakia 
520 |a Súčasný stav počtu konkurzných a reštrukturalizačných konaní na základe informácií dostupných na internetovej stránke Ministerstva financií Slovenskej republiky. Rôzne charakteristiky, ako je počet, dĺžka, ale aj spokojnosť jednotlivých konaní. Metódy finančnej analýzy, ktoré môžu dlžníkovi pomôcť v konkurznom alebo reštrukturalizačnom konaní zistiť finančnú situáciu dlžníka. 
610 2 0 |a reštrukturalizácia 
610 2 0 |a Slovensko 
610 2 0 |a bankrot 
610 2 0 |a analýza finančná 
610 2 0 |a konanie konkurzné 
100 1 |a Lukáč, Jozef, 1991- 
700 1 |a Kmeťová, Oľga, 1959-